MLB Retired Numbers - Statistics

General Stats
  • This quiz has been taken 9 times
  • The average score is 91 of 189
Answer Stats
Team # Player % Correct
Orioles 5 Brooks Robinson
100%
Yankees 2 Derek Jeter
100%
Orioles 20 Frank Robinson
100%
Reds 20 Frank Robinson
100%
Everyone 42 Jackie Robinson
100%
Yankees 3 Babe Ruth
86%
Yankees 51 Bernie Williams
86%
Cubs 26 Billy Williams
86%
Cardinals 45 Bob Gibson
86%
Orioles 8 Cal Ripken Jr.
86%
Mets 18 Darryl Strawberry
86%
Mariners 11 Edgar Martinez
86%
Braves 31 Greg Maddux
86%
Cubs 31 Greg Maddux
86%
Pirates 33 Honus Wagner
86%
Yankees 5 Joe DiMaggio
86%
Braves 29 John Smoltz
86%
Mets 17 Keith Hernandez
86%
Yankees 4 Lou Gehrig
86%
D-Backs 20 Luis Gonzalez
86%
Yankees 7 Mickey Mantle
86%
Mets 31 Mike Piazza
86%
Astros 34 Nolan Ryan
86%
Rangers 34 Nolan Ryan
86%
Angels 30 Nolan Ryan
86%
Cardinals 1 Ozzie Smith
86%
Red Sox 45 Pedro Martinez
86%
Yankees 44 Reggie Jackson
86%
Athletics 9 Reggie Jackson
86%
Pirates 21 Roberto Clemente
86%
Yankees 9 Roger Maris
86%
Cardinals 6 Stan Musial
86%
Red Sox 9 Ted Williams
86%
Rockies 17 Todd Helton
86%
Braves 47 Tom Glavine
86%
Mets 24 Willie Mays
86%
Giants 24 Willie Mays
86%
Yankees 8 Yogi Berra
86%
Giants 25 Barry Bonds
71%
Red Sox 8 Carl Yastrzemski
71%
Braves 10 Chipper Jones
71%
Astros 7 Craig Biggio
71%
Yankees 23 Don Mattingly
71%
Mets 16 Dwight Gooden
71%
Orioles 33 Eddie Murray
71%
White Sox 35 Frank Thomas
71%
Nationals 8 Gary Carter
71%
Braves 44 Hank Aaron
71%
Brewers 44 Hank Aaron
71%
Rangers 7 Ivan Rodriguez
71%
Guardians 25 Jim Thome
71%
Reds 8 Joe Morgan
71%
Reds 5 Johnny Bench
71%
Mariners 24 Ken Griffey Jr.
71%
Twins 34 Kirby Puckett
71%
Rockies 33 Larry Walker
71%
Yankees 42 Mariano Rivera
71%
Giants 4 Mel Ott
71%
Phillies 20 Mike Schmidt
71%
Brewers 4 Paul Molitor
71%
Yankees 21 Paul O'Neill
71%
D-Backs 51 Randy Johnson
71%
Padres 35 Randy Jones
71%
Brewers 19 Robin Yount
71%
Cubs 23 Ryne Sandberg
71%
Mets 41 Tom Seaver
71%
Padres 19 Tony Gwynn
71%
Yankees 16 Whitey Ford
71%
Pirates 8 Willie Stargell
71%
Tigers 3 Alan Trammell
57%
Yankees 46 Andy Pettitte
57%
Athletics 27 Catfish Hunter
57%
Braves 3 Dale Murphy
57%
Padres 31 Dave Winfield
57%
Athletics 43 Dennis Eckersley
57%
Phillies 15 Dick Allen
57%
Braves 41 Eddie Mathews
57%
Yankees 32 Elston Howard
57%
Cubs 14 Ernie Banks
57%
Dodgers 34 Fernando Valenzuela
57%
Royals 5 George Brett
57%
Tigers 47 Jack Morris
57%
Astros 5 Jeff Bagwell
57%
Orioles 22 Jim Palmer
57%
Twins 7 Joe Mauer
57%
Reds 14 Pete Rose
57%
Athletics 24 Rickey Henderson
57%
Yankees 49 Ron Guidry
57%
Cubs 10 Ron Santo
57%
Blue Jays 32 Roy Halladay
57%
Phillies 34 Roy Halladay
57%
Dodgers 32 Sandy Koufax
57%
Phillies 32 Steve Carlton
57%
Yankees 15 Thurman Munson
57%
Red Sox 26 Wade Boggs
57%
Rays 12 Wade Boggs
57%
Giants 44 Willie McCovey
57%
Rangers 29 Adrian Beltre
43%
Tigers 6 Al Kaline
43%
Nationals 10 Andre Dawson
43%
Reds 11 Barry Larkin
43%
Twins 28 Bert Blyleven
43%
Guardians 19 Bob Feller
43%
Red Sox 27 Carlton Fisk
43%
White Sox 72 Carlton Fisk
43%
Athletics 34 Dave Stewart
43%
Red Sox 34 David Ortiz
43%
Mets 5 David Wright
43%
Royals 20 Frank White
43%
Twins 3 Harmon Killebrew
43%
Yankees 20 Jorge Posada
43%
Giants 27 Juan Marichal
43%
Twins 14 Kent Hrbek
43%
Tigers 1 Lou Whitaker
43%
Rangers 10 Michael Young
43%
Twins 29 Rod Carew
43%
Angels 29 Rod Carew
43%
Athletics 34 Rollie Fingers
43%
Brewers 34 Rollie Fingers
43%
Nationals 30 Tim Raines
43%
Yankees 8 Bill Dickey
29%
Cardinals 17 Dizzy Dean
29%
Astros 40 Don Wilson
29%
Dodgers 4 Duke Snider
29%
Giants 36 Gaylord Perry
29%
Tigers 5 Hank Greenberg
29%
Red Sox 14 Jim Rice
29%
Red Sox 6 Johnny Pesky
29%
Astros 25 Jose Cruz
29%
Cardinals 20 Lou Brock
29%
White Sox 11 Luis Aparicio
29%
Braves 35 Phil Niekro
29%
Yankees 10 Phil Rizzuto
29%
Phillies 1 Richie Ashburn
29%
Dodgers 39 Roy Campanella
29%
Cardinals 23 Ted Simmons
29%
Reds 24 Tony Perez
29%
Braves 21 Warren Spahn
29%
Giants 22 Will Clark
29%
Pirates 9 Bill Mazeroski
14%
Giants 3 Bill Terry
14%
Guardians 21 Bob Lemon
14%
Reds 13 David Concepcion
14%
Dodgers 53 Don Drysdale
14%
Dodgers 20 Don Sutton
14%
Guardians 3 Earl Averill
14%
Mets 14 Gil Hodges
14%
Dodgers 14 Gil Hodges
14%
White Sox 3 Harold Baines
14%
Mets 36 Jerry Koosman
14%
Phillies 14 Jim Bunning
14%
Twins 36 Jim Kaat
14%
Astros 24 Jimmy Wynn
14%
Guardians 14 Larry Doby
14%
White Sox 56 Mark Buehrle
14%
Guardians 18 Mel Harder
14%
Astros 33 Mike Scott
14%
White Sox 2 Nellie Fox
14%
Giants 30 Orlando Cepeda
14%
White Sox 14 Paul Konerko
14%
Pirates 11 Paul Waner
14%
Dodgers 1 Pee Wee Reese
14%
Pirates 4 Ralph Kiner
14%
Cardinals 2 Red Schoendienst
14%
Phillies 36 Robin Roberts
14%
Padres 6 Steve Garvey
14%
Twins 6 Tony Oliva
14%
Padres 51 Trevor Hoffman
14%
White Sox 19 Billy Pierce
0%
Red Sox 1 Bobby Doerr
0%
Cardinals 42 Bruce Sutter
0%
Giants 11 Carl Hubbell
0%
Tigers 2 Charlie Gehringer
0%
Cardinals 9 Enos Slaughter
0%
Cubs 31 Fergie Jenkins
0%
Tigers 16 Hal Newhouser
0%
Dodgers 19 Jim Gilliam
0%
Astros 32 Jim Umbricht
0%
Red Sox 4 Joe Cronin
0%
Cardinals 14 Ken Boyer
0%
Astros 49 Larry Dierker
0%
Guardians 5 Lou Boudreau
0%
White Sox 4 Luke Appling
0%
White Sox 9 Minnie Minoso
0%
Giants 20 Monte Irvin
0%
Pirates 20 Pie Traynor
0%
Nationals 10 Rusty Staub
0%
White Sox 16 Ted Lyons
0%
Tigers 23 Willie Horton
0%
No matching quizzes found
Score Distribution
Percent of People with Each Score
Percentile by Number Answered
Your Score History
You have not taken this quiz